| 000 | 00383cam a2200169ua 4500 | ||
|---|---|---|---|
| 003 | OSt | ||
| 008 | 250325b |||||||| |||| 00| 0 eng d | ||
| 041 | _aeng | ||
| 082 |
_a621.902 _bEMI/CA |
||
| 100 |
_aEminger, Z . _97336 |
||
| 245 | _aCost tools / | ||
| 250 | _a1 / | ||
| 260 |
_a : _bArtia-Prague , _c1957. |
||
| 300 | _a229 ; . | ||
| 700 | 1 |
_aKuslev, V . _97337 |
|
| 942 | _cBK | ||
| 999 |
_c1687 _d1687 |
||